| 000 | 01124cam a2200349 i 4500 | ||
|---|---|---|---|
| 001 | 200429223 | ||
| 003 | TR-AnTOB | ||
| 005 | 20240808141351.0 | ||
| 007 | ta | ||
| 008 | 180323s2005 xxu||||e |||| 01| 0 tur d | ||
| 040 |
_aCANKA _beng _erda _cTR-AnTOB |
||
| 041 | 1 |
_atur _hfre |
|
| 050 | 0 | _aJC179 | |
| 090 |
_aJC179 _bR6819 2005 |
||
| 100 |
_aRousseau, Jean-Jacques, _d1712-1778 _943518 |
||
| 245 | 1 | 0 |
_aToplumsal mukavele : _bveya siyaset hukukun prensipleri (toplum sözleşmesi) / _cJ.J. Rousseau ; fransızcadan çeviren Cenap Karakaya. |
| 246 | _aToplum Sözleşmesi | ||
| 246 | _aSiyaset Hukukun Prensipleri | ||
| 264 | 1 |
_aİstanbul : _bSosyal yayınlar, _c2005. |
|
| 300 |
_a166 pages ; _c20 cm. |
||
| 336 |
_atext _2rdacontent |
||
| 337 |
_aunmediated _2rdamedia |
||
| 338 |
_avolume _2rdacarrier |
||
| 504 | _aIncludes bibliographical references. | ||
| 650 | 0 |
_98052 _aPolitical science |
|
| 650 | 0 |
_aSocial contract _911288 |
|
| 650 | 0 |
_aSosyal sözleşme _911289 |
|
| 650 | 0 |
_aSiyaset bilimi _910800 |
|
| 700 |
_aKarakaya, Cenap _etranslator _927982 |
||
| 942 |
_2lcc _cBK |
||
| 999 |
_c200429223 _d47147 |
||